000
00270nam a2200121Ia 4500
005
20251222144820.0
008
251222s9999||||xx |||||||||||||| ||spa||
020
_a
84-220-1040-X
082
_a
289.07/C76/1982
245
0
_a
Puebla:
264
_b
Católica
942
_c
LIB
999
_c
20446
_d
20446